<?xml version="1.0" encoding="UTF-8"?>
<record
    xmlns:xsi="http://www.w3.org/2001/XMLSchema-instance"
    xsi:schemaLocation="http://www.loc.gov/MARC21/slim http://www.loc.gov/standards/marcxml/schema/MARC21slim.xsd"
    xmlns="http://www.loc.gov/MARC21/slim">

  <leader>03610nam a2200325 a 4500</leader>
  <controlfield tag="003">OSt</controlfield>
  <controlfield tag="005">20240405135651.0</controlfield>
  <controlfield tag="008">240319s2023    mx a|||| |||| 001 0 spa d</controlfield>
  <datafield tag="020" ind1=" " ind2=" ">
    <subfield code="a">978-607-12-0148-5 (Colecci&#xF3;n Tlatemoa)</subfield>
  </datafield>
  <datafield tag="020" ind1=" " ind2=" ">
    <subfield code="a">978-607-12-0635-0</subfield>
  </datafield>
  <datafield tag="040" ind1=" " ind2=" ">
    <subfield code="c">CHAP</subfield>
    <subfield code="e">rda</subfield>
  </datafield>
  <datafield tag="082" ind1="0" ind2="0">
    <subfield code="2">22</subfield>
    <subfield code="a">363.7</subfield>
    <subfield code="b">N96</subfield>
  </datafield>
  <datafield tag="245" ind1="0" ind2="0">
    <subfield code="a">Nueva educaci&#xF3;n, bio&#xE9;tica y ruralidad alterna /</subfield>
    <subfield code="c">coordinado por Guillermo Torres Carral y Liberio Victorino Ram&#xED;rez.</subfield>
  </datafield>
  <datafield tag="250" ind1=" " ind2=" ">
    <subfield code="a">Primera edici&#xF3;n</subfield>
  </datafield>
  <datafield tag="264" ind1=" " ind2="1">
    <subfield code="a">Chapingo, M&#xE9;x. :</subfield>
    <subfield code="b">UACH. Departamento de Ense&#xF1;anza, Investigaci&#xF3;n y Servicio en Sociolog&#xED;a Rural.</subfield>
    <subfield code="c">2023.</subfield>
  </datafield>
  <datafield tag="300" ind1=" " ind2=" ">
    <subfield code="a">325 p&#xE1;ginas.</subfield>
  </datafield>
  <datafield tag="336" ind1=" " ind2=" ">
    <subfield code="2">rdacontent</subfield>
    <subfield code="a">texto</subfield>
    <subfield code="b">txt</subfield>
  </datafield>
  <datafield tag="337" ind1=" " ind2=" ">
    <subfield code="2">rdamedia</subfield>
    <subfield code="a">sin medio</subfield>
    <subfield code="b">n</subfield>
  </datafield>
  <datafield tag="338" ind1=" " ind2=" ">
    <subfield code="2">rdacarrier</subfield>
    <subfield code="a">volumen</subfield>
    <subfield code="b">nc</subfield>
  </datafield>
  <datafield tag="490" ind1="1" ind2=" ">
    <subfield code="a">Colecci&#xF3;n Tlatemoa</subfield>
  </datafield>
  <datafield tag="504" ind1=" " ind2=" ">
    <subfield code="a">Incluye referencias bibliogr&#xE1;ficas p&#xE1;ginas : 45-46, 55-57.76-77, 90-91, 104-105,1 14-116, 131,146-147, 163-164, 172-173, 184, 197-199, 221, 236-237, 252-255, 273-274, 284-288, 302-303, 322-323.</subfield>
  </datafield>
  <datafield tag="520" ind1=" " ind2=" ">
    <subfield code="a">En este libro se presentan m&#xFA;ltiples acercamientos al futuro inmediato del pa&#xED;s, a partir de c&#xF3;mo los procesos educativos se entrelazan con la problem&#xE1;tica eco-social de las comunidades urbanas y rurales.
Frente al desmoronamiento del sistema educativo nacional es evidente la necesaria emergencia de una nueva educaci&#xF3;n, a fin de combatir el grave cambio clim&#xE1;tico y en el marco de insuficientes respuestas como la sustentabilidad.
Ello obliga a la construcci&#xF3;n de nuevos paradigmas educativos. En especial a partir de la pedagog&#xED;a ambiental, que, desprendida de la bio&#xE9;tica y la educaci&#xF3;n ambiental simult&#xE1;neamente, nos ense&#xF1;a c&#xF3;mo todos esos problemas est&#xE1;n org&#xE1;nicamente conectados, por lo cual es necesario contemplarlos bajo un enfoque totalizador y org&#xE1;nico que ofrece. As&#xED;, es necesario entender a la pedagog&#xED;a ambiental como un espacio de ideas en disputa entre el modelo depredador, del que estamos siendo cada vez m&#xE1;s afectados, y los modelos de vida y pensamiento alternos; lo cual no significa otra cosa que la lucha entre la incompatibilidad/compatibilidad presente entre los sujetos ambientales, por lo que su soluci&#xF3;n no puede ser aislada ya que la educaci&#xF3;n los amalgama en tanto el ambiente es un constructo multidimensional; y no simple, esto es, cuando &#xE9;ste se reduce a la ecolog&#xED;a.
Entonces, por sobre todo, se precisa avanzar en el contexto de la transici&#xF3;n civilizatoria hacia una aut&#xE9;ntica revoluci&#xF3;n educativa; fincada en los valores universales transcivilizatorios: paz, justicia, alimento, salud, derechos humanos y de la naturaleza; esto es, el tr&#xE1;nsito de la vieja (y a&#xFA;n vigente) escuela segregacionista (frente a la comunidad) bajo enfoque conductista, constructivista, o de competencias y centrada en las aulas: a otra nueva escuela focalizada a la construcci&#xF3;n de comunidades de aprendizaje socioambiental (CASA), manteniendo una liga estrecha con el quehacer educativo institucional.
Las contribuciones aqu&#xED; presentadas son resultado de investigaciones realizadas por egresados y doctorandos del Doctorado en Ciencias en Educaci&#xF3;n Agr&#xED;cola Superior y del Doctorado en Ciencias Agrarias, ambos del Departamento de Sociolog&#xED;a Rural de la Universidad Aut&#xF3;noma Chapingo.</subfield>
  </datafield>
  <datafield tag="650" ind1=" " ind2="4">
    <subfield code="9">35556</subfield>
    <subfield code="a">Educaci&#xF3;n ambiental</subfield>
  </datafield>
  <datafield tag="650" ind1=" " ind2="4">
    <subfield code="9">154850</subfield>
    <subfield code="a">Bio&#xE9;tica</subfield>
    <subfield code="x">Investigaci&#xF3;n  </subfield>
  </datafield>
  <datafield tag="650" ind1=" " ind2="4">
    <subfield code="9">128247</subfield>
    <subfield code="a">Cambios clim&#xE1;ticos</subfield>
    <subfield code="x">Condiciones rurales</subfield>
  </datafield>
  <datafield tag="700" ind1="1" ind2=" ">
    <subfield code="9">114067</subfield>
    <subfield code="a">Torres Carral, Guillermo</subfield>
    <subfield code="e">Coordinador.</subfield>
  </datafield>
  <datafield tag="700" ind1="1" ind2=" ">
    <subfield code="9">119091</subfield>
    <subfield code="a">Victorino Ram&#xED;rez, Liberio</subfield>
    <subfield code="e">Coordinador.</subfield>
  </datafield>
  <datafield tag="830" ind1=" " ind2="0">
    <subfield code="9">25011</subfield>
    <subfield code="a">Colecci&#xF3;n Tlatemoa</subfield>
    <subfield code="v">25</subfield>
  </datafield>
  <datafield tag="942" ind1=" " ind2=" ">
    <subfield code="c">LIBRO</subfield>
    <subfield code="2">ddc</subfield>
  </datafield>
  <datafield tag="999" ind1=" " ind2=" ">
    <subfield code="c">219821</subfield>
    <subfield code="d">219821</subfield>
  </datafield>
  <datafield tag="952" ind1=" " ind2=" ">
    <subfield code="0">0</subfield>
    <subfield code="1">0</subfield>
    <subfield code="2">ddc</subfield>
    <subfield code="4">0</subfield>
    <subfield code="5">1</subfield>
    <subfield code="7">0</subfield>
    <subfield code="8">UACH</subfield>
    <subfield code="a">BC</subfield>
    <subfield code="b">BC</subfield>
    <subfield code="c">PA_UACH</subfield>
    <subfield code="d">2024-03-19</subfield>
    <subfield code="l">0</subfield>
    <subfield code="o">363.7 N96</subfield>
    <subfield code="p">33724002584908</subfield>
    <subfield code="r">2024-03-19 00:00:00</subfield>
    <subfield code="w">2024-03-19</subfield>
    <subfield code="y">LIBRO</subfield>
  </datafield>
  <datafield tag="952" ind1=" " ind2=" ">
    <subfield code="0">0</subfield>
    <subfield code="1">0</subfield>
    <subfield code="2">ddc</subfield>
    <subfield code="4">0</subfield>
    <subfield code="5">2</subfield>
    <subfield code="7">0</subfield>
    <subfield code="8">GRAL</subfield>
    <subfield code="a">BC</subfield>
    <subfield code="b">BC</subfield>
    <subfield code="c">PA_GRAL</subfield>
    <subfield code="d">2024-03-19</subfield>
    <subfield code="l">1</subfield>
    <subfield code="o">363.7 N96</subfield>
    <subfield code="p">33724002584947</subfield>
    <subfield code="r">2024-05-20 00:00:00</subfield>
    <subfield code="s">2024-05-07</subfield>
    <subfield code="t">c.2</subfield>
    <subfield code="w">2024-03-19</subfield>
    <subfield code="y">LIBRO</subfield>
  </datafield>
</record>
